Los sueños vanos, los ángeles curiosos

Spremljeno u:
Bibliografski detalji
Glavni autor: Cela, Camilo José
Format: Knjiga
Jezik:Undetermined
Izdano: Barcelona, España Argos Vergara 1979
Teme:
Oznake: Dodaj oznaku
Bez oznaka, Budi prvi tko označuje ovaj zapis!

MARC

LEADER 00000nam a2200000Ia 4500
008 170316s9999 xx 000 0 und d
040 |a cru BVZT 
090 |a 862 C-33su 
100 |a Cela, Camilo José 
245 |a Los sueños vanos, los ángeles curiosos  |c Camilo José Cela 
260 |a Barcelona, España 
260 |b Argos Vergara 
260 |c 1979 
300 |a 381 páginas 
650 |a LITERATURA ESPAÑOLA 
650 |a ENSAYOS 
999 |c 9668  |d 9668 
942 |c 15 D  |h 862 C-33su  |2 z